| 000 | 01169cam a2200229 4500 | ||
|---|---|---|---|
| 001 | WB@3612-680 | ||
| 008 | 041116n2004 000 0 eng u | ||
| 035 | _a(Sirsi) u127992 | ||
| 245 | _aGypsy and traveller sites | ||
| 260 | _c2004 | ||
| 490 |
_aPlanning (for the Natural and Built Environment) _v12 November 2004, 2(1) |
||
| 520 | _aAccording to "Gypsy and traveller sites", published by the ODPM Commons Select committee, there are more than 3 500 gypsies and travellers that have no legal place to stay. The report is calling for a statutory requirement for local authorities to provide sites for gypsies and travellers. It suggests that a capital grant should be provided to ensure that the authorities have the resources to pinpoint sites and that if more sites were available, the police would be able to move on illegal campers more quickly. View the report at: http://www.publications.parliament.uk/pa/cm/cmodpm .htm. | ||
| 590 | _aWB | ||
| 590 | _aWB | ||
| 650 | _aGYPSIES | ||
| 650 | _aTRAVELLERS | ||
| 650 | _aPLANNING PERMISSION | ||
| 650 | _aLOCAL AUTHORITIES | ||
| 650 | _aGYPSY SITES | ||
| 690 | _aPROPERTY AND LAND LAW | ||
| 942 | _n0 | ||
| 999 |
_c118308 _d118308 |
||